000
00346 a2200169 4500
001
180057
020
_a
85-322-5962-6
040
_c
Magnum
100
_a
Capelli, Alba
240
1
0
_a
O corvo e a raposa
_l
por
245
1
0
_a
O corvo e a raposa
300
_a
16
362
0
_a
2006
440
1
_a
FTD
697
_a
MAGNITO: I/GERAL
942
_c
BK
999
_c
180057
_d
180057